[Event "SVK ECo-C Extraliga 2018-19"]
[Site "Slovakia"]
[Date "2019.03.09"]
[Round "7.7"]
[White "Marian, IM Kantorik"]
[Black "Peter, IM Petran"]
[Result "0-1"]
[WhiteElo "2206"]
[BlackElo "2244"]
[Annotator "NA"]
[PlyCount "100"]
[EventDate "2018.11.10"]
[EventType "team-tourn"]
[EventCountry "SVK"]
[SourceTitle "playchess.com"]
[Source "ChessBase"]
[SourceQuality "1"]
[WhiteTeam "1"]
[BlackTeam "2"]
[TimeControl "40/5400+30:1800+30"]

1. d4 {[%emt 0:00:00]} g6 {[%emt 0:00:00]} 2. g3 {[%emt 0:00:00]} Bg7 {[%emt 0:00:00]} 3. Bg2 {[%emt 0:00:00]} c5 {[%emt 0:00:25]} 4. d5 {[%emt 0:00:19]} d6 {[%emt 0:02:32]} 5. c4 {[%emt 0:00:54]} f5 {[%emt 0:01:09]} 6. Nh3 {[%emt 0:00:37]} Na6 {[%emt 0:00:50]} 7. Nf4 {[%emt 0:00:21]} Nc7 {[%emt 0:00:13]} 8. h4 {[%emt 0:02:48]} Nh6 {[%emt 0:04:49]} 9. h5 {[%emt 0:02:46]} g5 {[%emt 0:05:42]} 10. Nh3 {[%emt 0:01:18]} g4 {[%emt 0:00:09]} 11. Nf4 {[%emt 0:00:03]} Nf7 {[%emt 0:01:39]} 12. Qc2 {[%emt 0:02:38]} Rb8 {[%emt 0:03:07]} 13. Nc3 {[%emt 0:07:48]} O-O {[%emt 0:06:11]} 14. h6 {[%emt 0:04:37]} Be5 {[%emt 0:20:44]} 15. Bd2 {[%emt 0:13:00]} b5 {[%emt 0:04:52]} 16. cxb5 {[%emt 0:08:54]} Nxb5 {[%emt 0:00:30]} 17. Nxb5 {[%emt 0:03:43]} Rxb5 {[%emt 0:00:25]} 18. Bc3 {[%emt 0:00:46]} Bxc3+ {[%emt 0:06:19]} 19. Qxc3 {[%emt 0:06:40]} Qa5 {[%emt 0:00:59]} 20. Qxa5 Rxa5 {[%emt 0:00:27]} 21. a3 {[%emt 0:08:01]} Ne5 {[%emt 0:01:52]} 22. O-O-O {[%emt 0:02:10]} Bd7 {[%emt 0:02:20]} 23. Bf1 {[%emt 0:12:22]} Rb8 {[%emt 0:04:42]} 24. e3 {[%emt 0:01:47]} c4 {[%emt 0:09:13]} 25. Rd4 {[%emt 0:04:58]} c3 {[%emt 0:00:44]} 26. Rb4 {[%emt 0:00:23]} Rxb4 {[%emt 0:07:29]} 27. axb4 {[%emt 0:00:05]} Ra1+ {[%emt 0:00:19]} 28. Kc2 {[%emt 0:00:03]} Bb5 {[%emt 0:00:34]} 29. Bg2 {[%emt 0:00:54]} Rxh1 {[%emt 0:02:02]} 30. Bxh1 {[%emt 0:00:07]} cxb2 {[%emt 0:00:06]} 31. Kxb2 {[%emt 0:00:55]} Kf7 {[%emt 0:03:10]} 32. Kc3 {[%emt 0:00:44]} Kf6 {[%emt 0:01:48]} 33. e4 {[%emt 0:01:54]} Nf7 {[%emt 0:01:53]} 34. Kd4 {[%emt 0:00:38]} Nxh6 {[%emt 0:00:40]} 35. Nh5+ {[%emt 0:04:18]} Kg5 {[%emt 0:00:38]} 36. Ng7 {[%emt 0:00:37]} Bd7 {[%emt 0:03:13]} 37. exf5 {[%emt 0:05:49]} Nxf5+ {[%emt 0:01:04]} 38. Nxf5 {[%emt 0:00:30]} Bxf5 {[%emt 0:00:14]} 39. f4+ {[%emt 0:00:53]} gxf3 {[%emt 0:00:24]} 40. Bxf3 {[%emt 0:00:03]} h6 {[%emt 0:00:51]} 41. Be2 {[%emt 0:33:18]} Bg4 {[%emt 0:32:51]} 42. Bf1 {[%emt 0:00:00]} Bd1 {[%emt 0:00:00]} 43. Bh3 {[%emt 0:00:00]} Bc2 {[%emt 0:00:00]} 44. Ke3 {[%emt 0:00:00]} Bf5 {[%emt 0:00:00]} 45. Bg2 {[%emt 0:00:00]} Kg4 {[%emt 0:00:00]} 46. Kf2 {[%emt 0:00:00]} Bc2 {[%emt 0:00:00]} 47. Bf3+ {[%emt 0:00:00]} Kf5 {[%emt 0:00:00]} 48. Kg2 {[%emt 0:00:00]} Ke5 {[%emt 0:00:00]} 49. Kh3 {[%emt 0:00:00]} Bb3 {[%emt 0:00:00]} 50. Kh4 {[%emt 0:00:00]} Bxd5 {[%emt 0:00:00]} 0-1

[Event "SVK ECo-C Extraliga 2018-19"]
[Site "Slovakia"]
[Date "2019.03.09"]
[Round "7.7"]
[White "Spacek, Oliver"]
[Black "Kusiak, Matej"]
[Result "1/2-1/2"]
[WhiteElo "2184"]
[BlackElo "2253"]
[Annotator "NA"]
[PlyCount "70"]
[EventDate "2018.11.10"]
[EventType "team-tourn"]
[EventCountry "SVK"]
[SourceTitle "playchess.com"]
[Source "ChessBase"]
[SourceQuality "1"]
[WhiteTeam "Osuske"]
[BlackTeam "Prakovce"]
[TimeControl "40/5400+30:1800+30"]

1. d4 {[%emt 0:00:00]} Nf6 {[%emt 0:00:00]} 2. Nf3 {[%emt 0:00:00]} e6 {[%emt 0:00:00]} 3. c4 {[%emt 0:02:51]} c5 {[%emt 0:00:28]} 4. d5 {[%emt 0:02:51]} b5 {[%emt 0:12:20]} 5. dxe6 {[%emt 0:16:14] LiveBook: 643 Games} fxe6 {[%emt 0:00:09]} 6. cxb5 {[%emt 0:04:52]} d5 {[%emt 0:00:08]} 7. Bg5 {[%emt 0:00:31]} Be7 {[%emt 0:01:54]} 8. Nbd2 {[%emt 0:02:24]} ({Better is} 8. a4 $14) 8... O-O {[%emt 0:00:55]} 9. e3 {[%emt 0:02:39]} a6 $11 {[%emt 0:01:36]} 10. bxa6 {[%emt 0:05:15]} Nc6 {[%emt 0:02:38]} 11. a3 {[%emt 0:06:19]} Qb6 {[%emt 0:04:21]} 12. Qc2 {[%emt 0:01:40]} c4 {[%emt 0:01:44]} 13. b3 {[%emt 0:06:32]} cxb3 {[%emt 0:01:47]} 14. Qxb3 {[%emt 0:01:10]} Qxb3 {[%emt 0:01:42]} 15. Nxb3 {[%emt 0:00:09]} Bxa6 {[%emt 0:00:11]} 16. Bxa6 {[%emt 0:01:01]} Rxa6 {[%emt 0:00:07]} 17. O-O {[%emt 0:00:06]} Rfa8 {[%emt 0:15:25]} 18. Nbd4 {[%emt 0:04:06]} Nxd4 {[%emt 0:00:00]} 19. Nxd4 {[%emt 0:00:46]} Bxa3 {[%emt 0:00:00]} 20. f3 {[%emt 0:12:06]} Bc5 {[%emt 0:00:00]} 21. Rxa6 {[%emt 0:13:25]} Rxa6 {[%emt 0:00:25]} 22. Rc1 {[%emt 0:02:27]} Bxd4 {[%emt 0:03:44]} 23. exd4 {[%emt 0:00:12]} Ra4 {[%emt 0:00:11]} 24. Rc8+ {[%emt 0:01:40]} Kf7 {[%emt 0:00:10]} 25. Rc7+ {[%emt 0:00:03]} Kg6 {[%emt 0:00:09]} 26. Be3 {[%emt 0:00:07]} Ng8 {[%emt 0:08:42]} 27. h4 {[%emt 0:01:36]} h6 {[%emt 0:03:06]} 28. g4 {[%emt 0:02:58]} Rc4 {[%emt 0:04:20]} 29. Ra7 {[%emt 0:00:37]} h5 {[%emt 0:05:37]} 30. gxh5+ {[%emt 0:03:27]} Kh7 {[%emt 0:01:38]} 31. Ra6 {[%emt 0:06:30]} Ne7 {[%emt 0:02:12]} 32. Rxe6 {[%emt 0:00:04]} Nf5 {[%emt 0:00:04]} 33. Bf2 {[%emt 0:01:08]} Nxd4 {[%emt 0:00:38]} 34. Bxd4 {[%emt 0:00:19]} Rxd4 {[%emt 0:00:10]} 35. Rd6 {[%emt 0:00:07]} Rxh4 {[%emt 0:02:05]} 1/2-1/2

[Event "SVK ECo-C Extraliga 2018-19"]
[Site "Slovakia"]
[Date "2019.03.09"]
[Round "7.7"]
[White "Turcan, Martin"]
[Black "Gazik, Igor"]
[Result "0-1"]
[WhiteElo "1921"]
[BlackElo "2237"]
[Annotator "NA"]
[PlyCount "76"]
[EventDate "2018.11.10"]
[EventType "team-tourn"]
[EventCountry "SVK"]
[SourceTitle "playchess.com"]
[Source "ChessBase"]
[SourceQuality "1"]
[WhiteTeam "Zilina"]
[BlackTeam "Podhajska"]
[TimeControl "40/5400+30:1800+30"]

1. d4 {[%emt 0:00:00]} d6 {[%emt 0:01:13]} 2. c4 {[%emt 0:00:35]} e5 {[%emt 0:01:49]} 3. dxe5 {[%emt 0:05:49]} dxe5 {[%emt 0:00:05]} 4. Qxd8+ {[%emt 0:00:51]} Kxd8 {[%emt 0:00:06]} 5. Nc3 {[%emt 0:02:15]} Be6 {[%emt 0:00:44]} 6. e3 {[%emt 0:11:52]} c6 {[%emt 0:05:44]} 7. Nf3 {[%emt 0:01:50]} f6 {[%emt 0:00:05]} 8. Bd2 {[%emt 0:11:58]} Nd7 {[%emt 0:02:33]} 9. Ne4 {[%emt 0:06:31]} Ne7 {[%emt 0:31:37]} 10. Rd1 {[%emt 0:03:25]} Nc8 {[%emt 0:06:26]} 11. Bc3 {[%emt 0:05:15]} Kc7 {[%emt 0:02:07]} 12. b3 {[%emt 0:05:44]} a5 {[%emt 0:01:15]} 13. a4 {[%emt 0:02:03]} Nd6 {[%emt 0:13:58]} 14. Nfd2 {[%emt 0:03:09]} Nf7 {[%emt 0:03:33]} 15. Bd3 {[%emt 0:11:13]} f5 {[%emt 0:01:54]} 16. Ng3 {[%emt 0:00:25]} g6 {[%emt 0:00:17]} 17. O-O {[%emt 0:01:18]} b6 {[%emt 0:06:03]} 18. Bc2 {[%emt 0:00:53]} h5 {[%emt 0:01:00]} 19. Ne2 {[%emt 0:01:58]} Rg8 {[%emt 0:09:36]} 20. Kh1 {[%emt 0:02:21]} Bc5 {[%emt 0:00:35]} 21. e4 {[%emt 0:02:48]} f4 {[%emt 0:00:50]} 22. Nc1 {[%emt 0:02:42]} g5 {[%emt 0:00:58]} 23. Nd3 {[%emt 0:00:52]} Bd6 {[%emt 0:00:05]} 24. Nf3 {[%emt 0:08:29]} Rg7 {[%emt 0:01:56]} 25. Rfe1 {[%emt 0:01:46]} Rh7 {[%emt 0:00:34]} 26. Rd2 {[%emt 0:02:13]} h4 {[%emt 0:00:21]} 27. Red1 {[%emt 0:00:51]} h3 {[%emt 0:04:12]} 28. g3 {[%emt 0:01:33]} Bg4 {[%emt 0:00:12]} 29. Nde1 {[%emt 0:00:19]} Re8 {[%emt 0:00:57]} 30. Rd3 {[%emt 0:01:07]} Bc5 {[%emt 0:00:09]} 31. R1d2 {[%emt 0:00:21]} Rh6 {[%emt 0:00:43]} 32. Kg1 {[%emt 0:01:00]} Nd6 {[%emt 0:02:05]} 33. Rxd6 {[%emt 0:00:46]} Rxd6 {[%emt 0:00:49]} 34. Rxd6 {[%emt 0:00:57]} Kxd6 {[%emt 0:00:13]} 35. Nxg5 {[%emt 0:00:54]} fxg3 {[%emt 0:01:15]} 36. hxg3 {[%emt 0:00:39]} Rf8 {[%emt 0:00:03]} 37. Nd3 {[%emt 0:00:38]} Bxf2+ {[%emt 0:00:15]} 38. Nxf2 {[%emt 0:00:23]} h2+ {[%emt 0:00:05]} 0-1

[Event "SVK ECo-C Extraliga 2018-19"]
[Site "Slovakia"]
[Date "2019.03.09"]
[Round "7.8"]
[White "Kostolansky, Sebastian Lukas"]
[Black "Magat, Jozef"]
[Result "1-0"]
[WhiteElo "2308"]
[BlackElo "2112"]
[Annotator "TA"]
[PlyCount "139"]
[EventDate "2018.11.10"]
[EventType "team-tourn"]
[EventCountry "SVK"]
[SourceTitle "playchess.com"]
[Source "ChessBase"]
[SourceQuality "1"]
[WhiteTeam "Slovan"]
[BlackTeam "Dunajov"]

{[%evp 9,139,32,62,36,47,44,46,24,33,10,1,0,15,13,8,15,18,0,0,-11,-15,-37,-37,-53,-28,-81,-69,-124,-10,-7,-9,-12,-17,-15,-11,-45,-21,-18,-25,-23,-27,-25,-12,-46,0,0,7,12,34,33,33,32,37,46,47,39,27,16,35,0,41,42,44,27,60,39,127,103,124,25,75,0,26,0,0,0,0,0,13,-37,-16,-29,-29,-77,-14,-25,-15,-33,0,0,148,148,154,156,142,202,245,252,247,227,374,374,359,307,305,305,343,281,1008,966,1104,689,1164,1025,1070,1126,1113,1116,1166,1154,2020,1880,2244,2210,29981,29981,29981,29982,29990,29991,29991,29992]} 1. e4 Nc6 2. Nf3 g6 3. d4 Bg7 4. d5 (4. Nc3 d6 5. h3 Nf6 6. Bb5 O-O 7. O-O a6 8. Bxc6 bxc6 9. Re1 Nd7 10. Bg5 h6 11. Bh4 Rb8 12. b3 c5 13. Nd5 g5 14. Bg3 e6 15. Ne3 cxd4 16. Nxd4 Bb7 {1-0 (46) Hansen,E (2584)-Bauer,C (2630) Rabat 2014}) 4... Ne5 5. Nxe5 Bxe5 6. Be2 {B00: Queen's Fianchetto Defence, Nimzowitsch Defence} d6 7. O-O c6 8. Nd2 $146 {White is slightly better.} ({Predecessor:} 8. c4 Bg7 9. Nc3 Nf6 10. Be3 O-O 11. f4 a6 12. a4 cxd5 13. exd5 Qa5 14. Kh1 Bd7 15. Ra3 Rac8 16. b4 Qc7 17. a5 e6 18. Bd4 {½-½ (33) Palkovi,J (2420)-Horvath,G (2465) Zalakaros 1998}) 8... Bg7 9. dxc6 bxc6 10. Bf3 Rb8 11. Re1 Qc7 12. Nc4 Be6 13. Qd3 Rb4 14. Na3 Nf6 15. c3 Rb7 16. Bf4 Nd7 17. Qd2 {[#]} (17. Qc2 $11) 17... O-O $1 $17 18. Rad1 (18. Re3 $15) 18... Rfb8 (18... Bxa2 $17 {next ...Be6 is good for Black.} 19. b4 Be6) 19. b3 $11 Qa5 20. Nb1 Ne5 21. Be2 c5 22. Be3 Qc7 23. c4 Nc6 24. Nc3 Qa5 25. Rc1 Nb4 26. Bd1 Qa3 27. Re2 Nc6 28. f4 Bg4 29. Rf2 Bxd1 30. Qxd1 Qa5 31. Qd2 Nd4 32. f5 Nc6 33. fxg6 hxg6 34. Qd5 Nd8 35. Na4 Qc7 36. Rcf1 {[%cal Rf2f7] aiming for Rxf7.} e6 37. Qd1 Qc6 ({Black should try} 37... Be5 $14) 38. Qg4 Qe8 39. h4 (39. Qg3 $16) 39... f5 40. Qd1 (40. Qg5 $16) 40... Nf7 41. Rd2 Rd8 (41... fxe4 42. Qg4 $16) 42. Rf3 Rbd7 (42... fxe4 43. Rg3 $14) 43. Rg3 Kh7 ({Don't play} 43... fxe4 $6 44. Rxg6 Ne5 45. Rg3 $16) 44. Qb1 {White wants to play h5!} Be5 45. Rf3 Nh6 46. h5 {[#]} gxh5 (46... Ng4 $1 $17) 47. Bxh6 Kxh6 48. exf5 exf5 (48... Rf7 {feels hotter.} 49. Qe1 exf5 50. Kf1 Rc8 51. Rd5 f4) 49. Qxf5 ({But not} 49. Rxf5 Bd4+ 50. Kh2 Rg7 $17) 49... Qg6 {[#]} (49... Bd4+ $11 {remains equal.} 50. Rxd4 cxd4) 50. Nxc5 $1 $16 {[%mdl 576] Pin} Qxf5 (50... dxc5 51. Rxd7) 51. Rxf5 dxc5 52. Rxd7 Bd4+ 53. Rxd4 $1 cxd4 $18 {[%mdl 4096] Endgame KR-KR} 54. Kf2 d3 (54... h4 {was necessary.} 55. Ke2 Rg8) 55. Rd5 Rf8+ 56. Ke3 Rg8 57. Rd6+ ({Not} 57. Kxd3 Rg3+ 58. Ke4 Rxg2 $16) (57. Rxd3 Rxg2 58. Rd2 Rg3+ 59. Kf4 Rg4+ 60. Kf3 Rg1 $18) 57... Kg5 58. Rxd3 Kh4 $2 (58... Kf6 59. Kf2 Ke6) 59. Rd2 Kg3 60. c5 Re8+ 61. Kd3 Rd8+ 62. Kc3 Rc8 63. Kc4 h4 64. b4 {[%cal Bb3b4,Bb4b5][%mdl 32]} a6 65. a4 Rf8 66. c6 a5 67. b5 {White mates.} Rf4+ 68. Kc5 Rxa4 69. c7 Ra1 70. Rc2 {Accuracy: White = 51%, Black = 38%.} 1-0

[Event "SVK ECo-C Extraliga 2018-19"]
[Site "Slovakia"]
[Date "2019.03.09"]
[Round "7.8"]
[White "Sebastian Lukas, FM Kostolansky"]
[Black "Magat, Jozef"]
[Result "1-0"]
[WhiteElo "2308"]
[BlackElo "2112"]
[Annotator "NA"]
[PlyCount "139"]
[EventDate "2018.11.10"]
[EventType "team-tourn"]
[EventCountry "SVK"]
[SourceTitle "playchess.com"]
[Source "ChessBase"]
[SourceQuality "1"]
[WhiteTeam "2"]
[BlackTeam "1"]
[TimeControl "40/5400+30:1800+30"]

1. e4 {[%emt 0:00:00]} Nc6 {[%emt 0:00:00]} 2. Nf3 {[%emt 0:01:21]} g6 {[%emt 0:01:53]} 3. d4 {[%emt 0:01:01]} Bg7 {[%emt 0:01:04]} 4. d5 {[%emt 0:06:27]} Ne5 {[%emt 0:00:57]} 5. Nxe5 {[%emt 0:02:00]} Bxe5 {[%emt 0:00:13]} 6. Be2 {[%emt 0:01:29]} d6 {[%emt 0:03:18]} 7. O-O {[%emt 0:00:46]} c6 {[%emt 0:01:14]} 8. Nd2 {[%emt 0:08:55]} Bg7 {[%emt 0:04:26]} 9. dxc6 bxc6 {[%emt 0:00:25]} 10. Bf3 {[%emt 0:22:34]} Rb8 {[%emt 0:03:31]} 11. Re1 {[%emt 0:04:05]} Qc7 {[%emt 0:02:48]} 12. Nc4 {[%emt 0:05:05]} Be6 {[%emt 0:04:15]} 13. Qd3 {[%emt 0:02:53]} Rb4 {[%emt 0:17:58]} 14. Na3 {[%emt 0:07:36]} Nf6 {[%emt 0:07:19]} 15. c3 {[%emt 0:12:28]} Rb7 {[%emt 0:04:39]} 16. Bf4 {[%emt 0:02:48]} Nd7 {[%emt 0:03:45]} 17. Qd2 {[%emt 0:00:08]} O-O {[%emt 0:00:37]} 18. Rad1 {[%emt 0:07:04]} Rfb8 {[%emt 0:02:51]} 19. b3 {[%emt 0:02:48]} Qa5 {[%emt 0:02:13]} 20. Nb1 {[%emt 0:00:06]} Ne5 {[%emt 0:01:15]} 21. Be2 {[%emt 0:00:30]} c5 {[%emt 0:03:22]} 22. Be3 {[%emt 0:06:33]} Qc7 {[%emt 0:02:37]} 23. c4 {[%emt 0:02:33]} Nc6 {[%emt 0:03:22]} 24. Nc3 {[%emt 0:01:03]} Qa5 {[%emt 0:01:47]} 25. Rc1 {[%emt 0:01:06]} Nb4 {[%emt 0:02:06]} 26. Bd1 {[%emt 0:00:14]} Qa3 {[%emt 0:02:41]} 27. Re2 {[%emt 0:00:33]} Nc6 {[%emt 0:02:13]} 28. f4 {[%emt 0:01:12]} Bg4 {[%emt 0:02:22]} 29. Rf2 {[%emt 0:00:08]} Bxd1 {[%emt 0:02:27]} 30. Qxd1 {[%emt 0:00:46]} Qa5 {[%emt 0:03:18]} 31. Qd2 {[%emt 0:00:42]} Nd4 {[%emt 0:04:30]} 32. f5 {[%emt 0:00:13]} Nc6 {[%emt 0:04:17]} 33. fxg6 hxg6 {[%emt 0:00:20]} 34. Qd5 {[%emt 0:01:11]} Nd8 {[%emt 0:01:43]} 35. Na4 {[%emt 0:00:40]} Qc7 {[%emt 0:01:20]} 36. Rcf1 {[%emt 0:00:31]} e6 {[%emt 0:01:35]} 37. Qd1 {[%emt 0:00:05]} Qc6 {[%emt 0:00:23]} 38. Qg4 {[%emt 0:00:23]} Qe8 {[%emt 0:00:38]} 39. h4 {[%emt 0:00:54]} f5 {[%emt 0:01:10]} 40. Qd1 {[%emt 0:00:21]} Nf7 {[%emt 0:01:50]} 41. Rd2 {[%emt 0:11:20]} Rd8 {[%emt 0:08:56]} 42. Rf3 {[%emt 0:07:39]} Rbd7 {[%emt 0:05:25]} 43. Rg3 {[%emt 0:02:48]} Kh7 {[%emt 0:05:55]} 44. Qb1 {[%emt 0:05:46]} Be5 {[%emt 0:03:06]} 45. Rf3 {[%emt 0:00:24]} Nh6 {[%emt 0:01:00]} 46. h5 {[%emt 0:02:57]} gxh5 {[%emt 0:02:02]} 47. Bxh6 {[%emt 0:01:15]} Kxh6 {[%emt 0:00:08]} 48. exf5 {[%emt 0:00:05]} exf5 {[%emt 0:01:30]} 49. Qxf5 {[%emt 0:00:59]} Qg6 {[%emt 0:00:30]} 50. Nxc5 {[%emt 0:01:15]} Qxf5 51. Rxf5 {[%emt 0:00:06]} dxc5 {[%emt 0:05:26]} 52. Rxd7 {[%emt 0:00:07]} Bd4+ 53. Rxd4 {[%emt 0:00:07]} cxd4 {[%emt 0:00:25]} 54. Kf2 {[%emt 0:00:55]} d3 {[%emt 0:00:54]} 55. Rd5 {[%emt 0:00:49]} Rf8+ {[%emt 0:00:26]} 56. Ke3 {[%emt 0:01:02]} Rg8 {[%emt 0:00:21]} 57. Rd6+ {[%emt 0:00:06]} Kg5 {[%emt 0:00:54]} 58. Rxd3 {[%emt 0:00:23]} Kh4 {[%emt 0:01:14]} 59. Rd2 {[%emt 0:01:17]} Kg3 {[%emt 0:00:18]} 60. c5 {[%emt 0:00:28]} Re8+ {[%emt 0:01:03]} 61. Kd3 {[%emt 0:00:23]} Rd8+ {[%emt 0:01:13]} 62. Kc3 {[%emt 0:00:45]} Rc8 {[%emt 0:00:22]} 63. Kc4 {[%emt 0:00:26]} h4 {[%emt 0:00:11]} 64. b4 {[%emt 0:00:44]} a6 {[%emt 0:00:20]} 65. a4 {[%emt 0:00:10]} Rf8 {[%emt 0:00:28]} 66. c6 {[%emt 0:00:24]} a5 {[%emt 0:00:56]} 67. b5 {[%emt 0:00:23]} Rf4+ {[%emt 0:00:11]} 68. Kc5 {[%emt 0:00:18]} Rxa4 {[%emt 0:00:28]} 69. c7 {[%emt 0:00:06]} Ra1 {[%emt 0:00:07]} 70. Rc2 {[%emt 0:00:04]} 1-0

[Event "SVK ECo-C Extraliga 2018-19"]
[Site "Slovakia"]
[Date "2019.03.09"]
[Round "7.8"]
[White "Takacs, Laszlo"]
[Black "Bombek, Peter"]
[Result "0-1"]
[WhiteElo "2295"]
[BlackElo "2205"]
[Annotator "NA"]
[PlyCount "126"]
[EventDate "2018.11.10"]
[EventType "team-tourn"]
[EventCountry "SVK"]
[SourceTitle "playchess.com"]
[Source "ChessBase"]
[SourceQuality "1"]
[WhiteTeam "Streda"]
[BlackTeam "Dubnica"]
[TimeControl "40/5400+30:1800+30"]

1. e4 {[%emt 0:00:00]} e6 {[%emt 0:00:00]} 2. d4 {[%emt 0:00:00]} d5 {[%emt 0:00:00]} 3. Nc3 {[%emt 0:00:00]} Nf6 {[%emt 0:00:05]} 4. e5 {[%emt 0:00:00]} Nfd7 {[%emt 0:00:04]} 5. Nce2 {[%emt 0:00:04]} c5 {[%emt 0:00:38]} 6. c3 {[%emt 0:00:04]} Nc6 {[%emt 0:00:16]} 7. Nf3 {[%emt 0:00:12]} Qb6 {[%emt 0:00:55]} 8. a3 {[%emt 0:00:07]} a5 {[%emt 0:00:52]} 9. h4 {[%emt 0:01:02]} a4 {[%emt 0:04:54]} 10. Nf4 {[%emt 0:01:28]} Qb3 {[%emt 0:05:59]} 11. Be2 {[%emt 0:13:16]} Qxd1+ {[%emt 0:01:39]} 12. Bxd1 {[%emt 0:00:47]} Nb6 {[%emt 0:03:55]} 13. Nd3 {[%emt 0:15:54]} cxd4 {[%emt 0:04:22]} 14. cxd4 {[%emt 0:10:36]} Bd7 {[%emt 0:04:01]} 15. Bd2 {[%emt 0:17:38]} Na5 {[%emt 0:07:29]} 16. Bxa5 {[%emt 0:09:04]} Rxa5 {[%emt 0:01:29]} 17. Nd2 {[%emt 0:00:29]} Be7 {[%emt 0:07:57]} 18. Rc1 {[%emt 0:00:21]} O-O {[%emt 0:03:35]} 19. Rc7 {[%emt 0:11:05]} Bd8 {[%emt 0:03:06]} 20. Rc3 {[%emt 0:01:08]} f6 {[%emt 0:05:35]} 21. Nf3 {[%emt 0:04:28]} Nc4 {[%emt 0:03:15]} 22. O-O {[%emt 0:01:53]} Bb6 {[%emt 0:03:32]} 23. exf6 {[%emt 0:01:26]} gxf6 {[%emt 0:02:30]} 24. Be2 {[%emt 0:02:29]} Rb5 {[%emt 0:02:08]} 25. Nb4 {[%emt 0:02:30]} Ba5 {[%emt 0:03:34]} 26. Bxc4 {[%emt 0:00:14]} dxc4 {[%emt 0:00:22]} 27. Rxc4 {[%emt 0:00:12]} Bxb4 {[%emt 0:01:02]} 28. axb4 {[%emt 0:00:10]} Bc6 {[%emt 0:00:30]} 29. Re1 {[%emt 0:04:29]} Bd5 {[%emt 0:00:27]} 30. Rc3 {[%emt 0:00:18]} Rxb4 {[%emt 0:00:48]} 31. Re2 {[%emt 0:00:18]} b5 {[%emt 0:11:44]} 32. Rc5 {[%emt 0:02:02]} Rd8 {[%emt 0:02:39]} 33. Rc7 {[%emt 0:00:23]} Rc4 {[%emt 0:02:07]} 34. Re7 {[%emt 0:01:01]} b4 {[%emt 0:04:32]} 35. Re3 {[%emt 0:00:24]} h5 {[%emt 0:03:10]} 36. Kh2 {[%emt 0:01:52]} Rf8 {[%emt 0:02:31]} 37. Kh3 {[%emt 0:00:31]} Rf7 {[%emt 0:01:47]} 38. Re8+ {[%emt 0:00:02]} Kh7 {[%emt 0:01:44]} 39. Rb8 {[%emt 0:00:32]} Ra7 {[%emt 0:00:52]} 40. Ne1 {[%emt 0:00:52]} a3 {[%emt 0:01:14]} 41. bxa3 {[%emt 0:04:57]} bxa3 {[%emt 0:01:04]} 42. Rb1 {[%emt 0:05:17]} a2 {[%emt 0:02:44]} 43. Ra1 {[%emt 0:00:04]} Rxd4 {[%emt 0:02:32]} 44. Nc2 {[%emt 0:11:29]} Rd2 {[%emt 0:04:26]} 45. Nb4 {[%emt 0:00:14]} Rxf2 {[%emt 0:00:56]} 46. Nxd5 {[%emt 0:00:11]} exd5 {[%emt 0:00:05]} 47. Rb3 {[%emt 0:01:44]} d4 {[%emt 0:04:52]} 48. Kg3 {[%emt 0:03:34]} Rc2 {[%emt 0:05:02]} 49. Rf3 {[%emt 0:02:55]} Rb2 {[%emt 0:01:59]} 50. Rff1 {[%emt 0:00:04]} Rg7+ {[%emt 0:01:24]} 51. Kf3 {[%emt 0:00:34]} Rbxg2 {[%emt 0:01:50]} 52. Ke4 {[%emt 0:00:28]} Ra7 {[%emt 0:04:56]} 53. Rxf6 {[%emt 0:00:48]} Rg4+ {[%emt 0:01:01]} 54. Kd5 {[%emt 0:02:38]} d3 {[%emt 0:01:26]} 55. Kc5 {[%emt 0:01:41]} Rxh4 {[%emt 0:01:37]} 56. Rd6 {[%emt 0:00:23]} Rh3 {[%emt 0:01:17]} 57. Kb6 {[%emt 0:01:02]} Ra4 {[%emt 0:00:26]} 58. Kb5 {[%emt 0:00:14]} Rhh4 {[%emt 0:00:54]} 59. Rd7+ {[%emt 0:01:18]} Kg6 {[%emt 0:00:25]} 60. Rd6+ {[%emt 0:00:03]} Kf7 {[%emt 0:00:32]} 61. Kc6 {[%emt 0:00:56]} Ra6+ {[%emt 0:00:32]} 62. Kd5 {[%emt 0:00:01]} Rxd6+ {[%emt 0:00:24]} 63. Kxd6 {[%emt 0:00:02]} Ra4 {[%emt 0:00:56]} 0-1

[Event "SVK ECo-C Extraliga 2018-19"]
[Site "Slovakia"]
[Date "2019.03.09"]
[Round "7.8"]
[White "Mudrak, Josef"]
[Black "Dvorak, Vladimir"]
[Result "1/2-1/2"]
[WhiteElo "2246"]
[BlackElo "1883"]
[Annotator "NA"]
[PlyCount "82"]
[EventDate "2018.11.10"]
[EventType "team-tourn"]
[EventCountry "SVK"]
[SourceTitle "playchess.com"]
[Source "ChessBase"]
[SourceQuality "1"]
[TimeControl "40/5400+30:1800+30"]

1. d4 {[%emt 1:20:23]} e6 {[%emt 1:20:21]} 2. c4 {[%emt 0:00:37]} f5 {[%emt 0:00:27]} 3. Nc3 {[%emt 0:00:27]} Nf6 {[%emt 0:00:26]} 4. e3 {[%emt 0:00:28]} Bb4 {[%emt 0:00:28]} 5. Qc2 {[%emt 0:00:29]} O-O {[%emt 0:00:32]} 6. f3 {[%emt 0:00:36]} b6 {[%emt 0:00:44]} 7. Bd3 {[%emt 0:00:28]} Bb7 {[%emt 0:00:28]} 8. Nge2 {[%emt 0:00:29]} d6 {[%emt 0:00:32]} 9. Bd2 {[%emt 0:00:28]} Nbd7 {[%emt 0:00:34]} 10. O-O-O {[%emt 0:00:41]} Qe7 {[%emt 0:00:33]} 11. Rhg1 {[%emt 0:00:40]} a5 {[%emt 0:00:42]} 12. Rdf1 {[%emt 0:00:48]} c5 {[%emt 0:00:39]} 13. g4 {[%emt 0:00:34]} fxg4 {[%emt 0:00:50]} 14. fxg4 {[%emt 0:00:28]} g6 {[%emt 0:00:33]} 15. h4 {[%emt 0:01:41]} e5 {[%emt 0:00:46]} 16. g5 {[%emt 0:00:44]} Nh5 {[%emt 0:01:17]} 17. Bxg6 {[%emt 0:00:39]} hxg6 {[%emt 0:00:42]} 18. Qxg6+ {[%emt 0:00:28]} Ng7 {[%emt 0:00:41]} 19. d5 {[%emt 0:00:55]} Rxf1+ {[%emt 0:00:33]} 20. Rxf1 {[%emt 0:00:27]} Rf8 {[%emt 0:00:42]} 21. Rg1 {[%emt 0:00:51]} Rf2 {[%emt 0:02:34]} 22. a3 {[%emt 0:01:24]} Nf8 {[%emt 0:00:49]} 23. Qd3 {[%emt 0:01:43]} Bxc3 {[%emt 0:01:09]} 24. Nxc3 {[%emt 0:00:38]} Bc8 {[%emt 0:00:53]} 25. Be1 {[%emt 0:00:50]} Rf3 {[%emt 0:01:19]} 26. Qe2 {[%emt 0:01:48]} e4 {[%emt 0:00:58]} 27. Bg3 {[%emt 0:00:40]} Ng6 {[%emt 0:01:38]} 28. Bxd6 {[%emt 0:00:51]} Qxd6 {[%emt 0:00:33]} 29. Nxe4 {[%emt 0:00:27]} Qf8 {[%emt 0:00:31]} 30. Nf6+ {[%emt 0:00:48]} Rxf6 {[%emt 0:00:30]} 31. gxf6 {[%emt 0:00:03]} Qxf6 32. h5 {[%emt 0:01:24]} Ne5 {[%emt 0:01:03]} 33. Rf1 {[%emt 0:01:05]} Qg5 {[%emt 0:00:45]} 34. Kb1 {[%emt 0:00:36]} Bf5+ {[%emt 0:00:27]} 35. Ka2 {[%emt 0:00:31]} Bd3 {[%emt 0:00:31]} 36. Qf2 {[%emt 0:00:36]} Bxf1 {[%emt 0:00:28]} 37. Qxf1 {[%emt 0:00:26]} Qxh5 {[%emt 0:00:39]} 38. Qf6 {[%emt 0:00:39]} Qf5 {[%emt 0:00:31]} 39. Qxb6 {[%emt 0:00:36]} Nxc4 {[%emt 0:00:36]} 40. Qxc5 {[%emt 0:00:44]} Nxe3 {[%emt 0:00:36]} 41. Qxa5 {[%emt 0:30:36]} Qxd5+ {[%emt 0:30:34]} 1/2-1/2